Sports Quiz

Random Sports or Football Quiz

Non-Football States Quiz Stats

Quiz Updated Aug 24, 2015

Challenge
Share
Tweet
Embed
Score 0/9 Timer 01:30
20 Plays Today
% Correct
Maine
88.3%
North Dakota
84.7%
South Dakota
84.4%
Vermont
84%
Alaska
82.4%
New Hampshire
82.1%
Rhode Island
81.3%
Montana
79.8%
Delaware
67.7%

You're not logged in!

Compare scores with friends on all Sporcle quizzes.
Sign Up with Email
OR
Log In

You Might Also Like...

Show Comments

Extras

Top Quizzes Today


Score Distribution

Your Account Isn't Verified!

In order to create a playlist on Sporcle, you need to verify the email address you used during registration. Go to your Sporcle Settings to finish the process.